Dinosaur (KHMER) / (Record no. 48943)
| 000 -LEADER | |
|---|---|
| fixed length control field | 00308nam a2200121 4500 |
| 020 ## - INTERNATIONAL STANDARD BOOK NUMBER | |
| International Standard Book Number | 9789924589129 |
| 100 ## - MAIN ENTRY--PERSONAL NAME | |
| Personal name | Kim, Channa |
| 9 (RLIN) | 86281 |
| 245 ## - TITLE STATEMENT | |
| Title | Dinosaur (KHMER) / |
| Statement of responsibility, etc | Channa Kim |
| 260 ## - PUBLICATION, DISTRIBUTION, ETC. (IMPRINT) | |
| Place of publication, distribution, etc | Cambodia |
| Name of publisher, distributor, etc | Mind Kids |
| Date of publication, distribution, etc | 2024 |
| 300 ## - PHYSICAL DESCRIPTION | |
| Extent | 40 p. |
| Other physical details | col. ill. |
| Dimensions | 20 cm. |
| 650 ## - SUBJECT ADDED ENTRY--TOPICAL TERM | |
| Topical term or geographic name as entry element | Dinosaur |
| 9 (RLIN) | 86331 |
| 942 ## - ADDED ENTRY ELEMENTS (KOHA) | |
| Source of classification or shelving scheme | |
| Koha item type | Book |
| Withdrawn status | Lost status | Source of classification or shelving scheme | Damaged status | Not for loan | Collection code | Home library | Current library | Date acquired | Total Checkouts | Full call number | Barcode | Checked out | Date last seen | Date checked out | Price effective from | Koha item type | Shelving location |
|---|---|---|---|---|---|---|---|---|---|---|---|---|---|---|---|---|---|
| Siem Riep | Asian Hope Early Years Library | Asian Hope Early Years Library | 05/22/2025 | 6 | KHMER 567 KIM | 207975 | 04/21/2026 | 04/21/2026 | 04/21/2026 | 05/22/2025 | Book | ||||||
| Siem Riep | Asian Hope Early Years Library | Asian Hope Early Years Library | 05/22/2025 | 7 | KHMER 567 KIM | 207967 | 04/23/2026 | 04/09/2026 | 05/22/2025 | Book | Easy Reading |